[Event "Stein am Rhien op 14th"]
[Site "Stein am Rhien"]
[Date "2023.04.29"]
[Round "2"]
[White "Bachmann, Nils"]
[Black "Saminskij, Jan"]
[Result "0-1"]
[WhiteElo "1251"]
[BlackElo "1574"]
[PlyCount "30"]
[EventDate "2023.04.28"]
[EventType "swiss"]
[EventRounds "5"]
[EventCountry "SUI"]
[SourceTitle "CBM 214 Extra"]
[Source "ChessBase"]
[SourceDate "2023.07.31"]
[SourceVersion "1"]
[SourceVersionDate "2023.07.31"]
[SourceQuality "1"]

1. d4 Nf6 2. c4 g6 3. Nc3 Bg7 4. Nf3 0-0 5. Bg5 d6 6. e3 Nbd7 7. Qc2 b6 8. h4 Bb7 9. Be2 Qe8 10. 0-0-0 a6 11. Bxf6 Nxf6 12. Rh2 Ng4 13. Rhh1 Nxf2 14. Rdf1 Ng4 15. Rh3 Nxe3 0-1

[Event "Stein am Rhien op 14th"]
[Site "Stein am Rhien"]
[Date "2023.04.29"]
[Round "3"]
[White "Saminskij, Jan"]
[Black "Mueller, Dominik"]
[Result "1-0"]
[WhiteElo "1574"]
[BlackElo "2169"]
[PlyCount "73"]
[EventDate "2023.04.28"]
[EventType "swiss"]
[EventRounds "5"]
[EventCountry "SUI"]
[SourceTitle "CBM 214 Extra"]
[Source "ChessBase"]
[SourceDate "2023.07.31"]
[SourceVersion "1"]
[SourceVersionDate "2023.07.31"]
[SourceQuality "1"]

1. Nf3 d5 2. g3 c5 3. Bg2 Nc6 4. 0-0 e5 5. d3 f6 6. Nbd2 Nge7 7. e4 d4 8. a4 Bg4 9. Nc4 Qd7 10. Bd2 0-0-0 11. Qe1 Bh3 12. b4 Bxg2 13. Kxg2 cxb4 14. Bxb4 Nxb4 15. Qxb4 Nd5 16. Qa5 Nf4+ 17. Kh1 Qh3 18. Nh4 g5 19. gxf4 gxh4 20. f3 Rg8 21. Rf2 a6 22. Nb6+ Kb8 23. Nd5 Bd6 24. Rb1 Qc8 25. Nxf6 Rgf8 26. fxe5 Bc7 27. Qc5 Qe6 28. Qb4 b6 29. Nd5 Rxd5 30. exd5 Qg8 31. d6 Bd8 32. Qxd4 h3 33. Rxb6+ Bxb6 34. Qxb6+ Ka8 35. Qxa6+ Kb8 36. c4 Qg7 37. Rb2+ 1-0

[Event "Wohlen op 3rd"]
[Site "Wohlen"]
[Date "2022.08.19"]
[Round "1"]
[White "Saminskij, Jan"]
[Black "Thieme, Linus"]
[Result "1/2-1/2"]
[WhiteElo "1461"]
[BlackElo "1819"]
[PlyCount "81"]
[EventDate "2022.08.19"]
[EventType "swiss"]
[EventRounds "5"]
[EventCountry "SUI"]
[SourceTitle "CBM 210 Extra"]
[Source "ChessBase"]
[SourceDate "2022.11.30"]
[SourceVersion "1"]
[SourceVersionDate "2022.11.30"]
[SourceQuality "1"]

1. Nf3 Nf6 2. g3 c6 3. Bg2 d5 4. d4 Bf5 5. 0-0 e6 6. c4 Bd6 7. Nc3 Nbd7 8. Bg5 h6 9. Bxf6 Nxf6 10. cxd5 exd5 11. Ne5 0-0 12. f4 Qb6 13. Qd2 Rae8 14. a3 Bh7 15. Kh1 Re7 16. b4 a5 17. Na4 Qb5 18. Nc3 Qb6 19. Na4 Qc7 20. Nc5 b6 21. Ncd3 Ne4 22. Qc1 c5 23. bxc5 bxc5 24. dxc5 Bxc5 25. Nxc5 Rc8 26. Ned3 Nxc5 27. Nxc5 Qxc5 28. Qd2 Rd8 29. Rfe1 Be4 30. e3 Bxg2+ 31. Kxg2 Rde8 32. Kf2 Re4 33. a4 Rc4 34. Rac1 Ree4 35. Red1 Rxc1 36. Rxc1 Rc4 37. Rxc4 dxc4 38. Qc3 Qh5 39. Qxc4 Qxh2+ 40. Kf3 Qh1+ 41. Kf2 1/2-1/2